Cell chemistry ; a collection of papers dedicated to Otto Warburg on the occasion of his 70th birthday.

Bibliographic Details
Main Author: Burk, Dean
Format: Book
Language:English
Published: Amsterdam, Houston : Elsevier Pub. Co., 1953.
Subjects:

MARC

Tag First Indicator Second Indicator Subfields
LEADER 00000cam a2200000 4500
001 in00000047363
005 20151007071438.0
008 760713r1953 ne ac b 01100 eng
010 |a  53007253  
035 |a (OCoLC)02308519 
035 |9 AAE5983AM 
040 |a DLC  |c GAT  |d TXA  |d UtOrBLW 
049 |a TXAM  |c 1 [253736]  |c 2 [253737] 
050 0 0 |a QH345  |b .B8 
092 |a 574.19  |b B959c 
100 1 |a Burk, Dean. 
245 1 0 |a Cell chemistry ;  |b a collection of papers dedicated to Otto Warburg on the occasion of his 70th birthday. 
264 1 |a Amsterdam,  |a Houston :  |b Elsevier Pub. Co.,  |c 1953. 
300 |a 362 pages :  |b illustrations, portrait ;  |c 26 cm. 
336 |a text  |b txt  |2 rdacontent 
337 |a unmediated  |b n  |2 rdamedia 
338 |a volume  |b nc  |2 rdacarrier 
500 |a "Original edition ... appeared as an issue of Biochimica et biophysica acta, volume 12, number 1/2, 1953." 
504 |a Includes bibliographies. 
600 1 0 |a Warburg, Otto Heinrich,  |d 1883-1970. 
650 0 |a Biochemistry. 
999 |a MARS 
999 f f |s b5b58c11-db4a-33f3-8efe-5dad645c92c0  |i e6a3c582-788c-3597-8769-6c4fd7d8de5e  |t 0 
952 f f |p ric  |a Texas A&M University  |b Rellis Campus  |c Joint Library Facility  |s JLF  |d Remote Storage  |t 0  |e QH345 .B8  |h Library of Congress classification  |i unmediated -- volume  |m A14800973098 
998 f f |a QH345 .B8  |t 0  |l Remote Storage